• 首页
  • 本馆介绍
  • 公告通知
  • 最新文献
  • 馆藏检索
  • 电子资源
  • 读者导购
  • 参考咨询
  • 我的图书馆
  • 登录
  • 详细信息显示
  • 放入我的书架
  • 预约/预借图书
  • 作者相关作品
  • 分类相关作品
  • 丛书相关作品
  • 出版社相关作品

书目信息

  • 表格格式
  • 工作单格式
  • 卡片格式
题名:
中国公共服务供给主体多元发展研究
    
 
作者: 郑晓燕 著
分册:  
出版信息: 上海   上海人民出版社  2012
页数: 188页
开本: 23cm
丛书名:
单 册:
中图分类: D669.3
科图分类:
主题词: 社会服务--研究--中国 , 社会服务
电子资源:
ISBN: 978-7-208-10637-6
000 01118nam0 2200253 450
001 523
005 20140905101019.76
010    @a978-7-208-10637-6@dCNY25.00
100    @a20120910d2012 em y0chiy50 ea
101 0  @achi
102    @aCN@b310000
105    @ay z 000yy
106    @ar
200 1  @a中国公共服务供给主体多元发展研究@AZhong Guo Gong Gong Fu Wu Gong Gei Zhu Ti Duo Yuan Fa Zhan Yan Jiu@f郑晓燕著@FZheng Xiao Yan Zhu
210    @a上海@c上海人民出版社@d2012
215    @a188页@d23cm
300    @a中共上海市委党校(上海行政学院)学术著作出版基金资助出版
330    @a本书立足于两个维度来研究中国公共服务供给主体的多元发展:一是通过规范性的理论研究,描述“公共服务”的含义、分类与内容,梳理公共服务三种供给机制的理论渊源,探讨中国公共服务供给主体多元发展的动力要素;二是通过实证研究,分析中国公共服务供给主体多元发展的现状与问题,并就公共部门与私人部门及社会组织在公共服务供给中的分工与协作关系进行阐述。
606 0  @a社会服务@x研究@y中国
606 0  @a社会服务
690    @aD669.3@v5
701  0 @a郑晓燕@AZheng Xiao Yan@4著
801  0 @aCN@bTANGWEI@c20140603
905    @b0838636-38@dD669.3@e145@f3
    
    中国公共服务供给主体多元发展研究/郑晓燕著.-上海:上海人民出版社,2012
    188页;23cm
    中共上海市委党校(上海行政学院)学术著作出版基金资助出版
    
    ISBN 978-7-208-10637-6:CNY25.00
    本书立足于两个维度来研究中国公共服务供给主体的多元发展:一是通过规范性的理论研究,描述“公共服务”的含义、分类与内容,梳理公共服务三种供给机制的理论渊源,探讨中国公共服务供给主体多元发展的动力要素;二是通过实证研究,分析中国公共服务供给主体多元发展的现状与问题,并就公共部门与私人部门及社会组织在公共服务供给中的分工与协作关系进行阐述。
●
相关链接 在E读中查询图书 在五车中查询图书 在当当中查询图书 在豆瓣中查询图书


正题名:中国公共服务供给主体多元发展研究     索取号:D669.3/145         预约/预借

序号 登录号 条形码 馆藏地/架位号 状态 备注
1 0838636   208386361   第一样本阅览室/ [索取号:D669.3/145] 在馆    
2 0838637   208386370   第一借阅区/ [索取号:D669.3/145] 在馆    
3 0838638   208386389   第一借阅区/ [索取号:D669.3/145] 在馆    
唐山师范学院图书馆 欢迎您!
大连网信软件有限公司© 版权所有